INSKRIPSI MELAYU SRIWIJAYA / (Record no. 105247)
[ view plain ]
| 000 -LEADER | |
|---|---|
| fixed length control field | 00959nam a2200289 i 4500 |
| 001 - CONTROL NUMBER | |
| control field | C2-0301464 |
| 003 - CONTROL NUMBER IDENTIFIER | |
| control field | PPAK |
| 005 - DATE AND TIME OF LATEST TRANSACTION | |
| control field | 20220607101700.0 |
| 008 - FIXED-LENGTH DATA ELEMENTS--GENERAL INFORMATION | |
| fixed length control field | 091210s2009 my a |e | 1 may d |
| 020 ## - INTERNATIONAL STANDARD BOOK NUMBER | |
| International Standard Book Number | 9789834601737 |
| Qualifying information | paperback |
| 040 ## - CATALOGING SOURCE | |
| Original cataloging agency | PPAK |
| Language of cataloging | eng |
| Transcribing agency | PPAK |
| Description conventions | rda |
| 082 04 - DEWEY DECIMAL CLASSIFICATION NUMBER | |
| Edition number | 23 |
| Classification number | 891.2 |
| 090 00 - LOCALLY ASSIGNED LC-TYPE CALL NUMBER (OCLC); LOCAL CALL NUMBER (RLIN) | |
| Classification number (OCLC) (R) ; Classification number, CALL (RLIN) (NR) | 891.2 |
| Feature heading | COE |
| Feature heading | G |
| Classification number (OCLC) (R) ; Classification number, CALL (RLIN) (NR) | 891.2 |
| Feature heading | COE |
| Feature heading | KMI |
| Classification number (OCLC) (R) ; Classification number, CALL (RLIN) (NR) | 891.2 |
| Feature heading | COE |
| Feature heading | KAO |
| 100 1# - MAIN ENTRY--PERSONAL NAME | |
| Personal name | Coedes, George, |
| Relator term | author. |
| 245 10 - TITLE STATEMENT | |
| Title | INSKRIPSI MELAYU SRIWIJAYA / |
| Statement of responsibility, etc. | G. Coedes ; Penterjemah : Laurent Metzger ; Disunting dan Diperkenalkan oeh Asmah Haji Omar |
| 264 #1 - PRODUCTION, PUBLICATION, DISTRIBUTION, MANUFACTURE, AND COPYRIGHT NOTICE | |
| Place of production, publication, distribution, manufacture | Kuala Lumpur : |
| Name of producer, publisher, distributor, manufacturer | Dewan Bahasa dan Pustaka, |
| Date of production, publication, distribution, manufacture, or copyright notice | 2009 |
| 300 ## - PHYSICAL DESCRIPTION | |
| Extent | xvi, 92 pages : |
| Other physical details | illustrations ; |
| Dimensions | 25 cm |
| 336 ## - CONTENT TYPE | |
| Source | rdacontent |
| Content type term | text |
| 337 ## - MEDIA TYPE | |
| Source | rdamedia |
| Media type term | unmediated |
| 338 ## - CARRIER TYPE | |
| Source | rdacarrier |
| Carrier type term | volume |
| 650 10 - SUBJECT ADDED ENTRY--TOPICAL TERM | |
| Topical term or geographic name entry element | Sanskrit literature |
| Form subdivision | History and criticism. |
| 700 1# - ADDED ENTRY--PERSONAL NAME | |
| Personal name | Metzger, Laurent, |
| Relator term | translator. |
| Personal name | Asmah Haji Omar, |
| Relator term | editor. |
| 942 ## - ADDED ENTRY ELEMENTS (KOHA) | |
| Koha item type | Book |
| Source of classification or shelving scheme | Dewey Decimal Classification |
| Withdrawn | Not for loan | Current library | Shelving location | Date acquired | Full call number | Barcode | Date last seen | Koha item type |
|---|---|---|---|---|---|---|---|---|
| Not For Loan | Perpustakaan Alor Setar | Koleksi Prof. Dr. Muhammad Isa Othman | 16/05/2011 | KMI 891.2 COE | A00382677 | 09/05/2018 | Book | |
| Perpustakaan Alor Setar | Pinjaman Dewasa | 30/12/2009 | 891.2 COE | A01338128 | 09/05/2018 | Book | ||
| Perpustakaan Alor Setar | Pinjaman Dewasa | 30/12/2009 | 891.2 COE | A01338129 | 09/05/2018 | Book | ||
| Perpustakaan Baling | Pinjaman Dewasa | 30/12/2009 | 891.2 COE | A01338133 | 09/05/2018 | Book | ||
| Perpustakaan Jitra | Pinjaman Dewasa | 30/12/2009 | 891.2 COE | A01338131 | 09/05/2018 | Book | ||
| Not For Loan | Perpustakaan Jitra | Koleksi Asmah Haji Omar | 04/07/2022 | KAO 891.2 COE | KAO001240 | 04/07/2022 | Book | |
| Perpustakaan Kulim | Pinjaman Dewasa | 30/12/2009 | 891.2 COE | A01338132 | 09/05/2018 | Book | ||
| Perpustakaan Merbok | Pinjaman Dewasa | 30/12/2009 | 891.2 COE | A01338134 | 09/05/2018 | Book |